Reading in the wilderness (Record no. 25374)
[ view plain ]
| 000 -LEADER | |
|---|---|
| fixed length control field | 02599nam a22003614a 4500 |
| 082 04 - DEWEY DECIMAL CLASSIFICATION NUMBER | |
| Classification number | 282/.4209024 |
| 100 1# - MAIN ENTRY--AUTHOR NAME | |
| Personal name | Brantley, Jessica. |
| 245 10 - TITLE STATEMENT | |
| Title | Reading in the wilderness |
| 260 ## - PUBLICATION, DISTRIBUTION, ETC. (IMPRINT) | |
| Place of publication | Chicago : |
| Name of publisher | University of Chicago Press, |
| Year of publication | 2007. |
| 300 ## - PHYSICAL DESCRIPTION | |
| Number of Pages | xviii, 463 p., 8 p. of plates : |
| Other physical details | ill. (some col.). |
| 505 0# - FORMATTED CONTENTS NOTE | |
| Formatted contents note | Introduction: The performance of reading -- "Silence visible" : Carthusian devotional reading and meditative practice -- Backgrounds : the Carthusian Order -- Carthusians and books -- Carthusians and art -- The shapes of eremitic reading in the desert of religion : the desert of religion as imagetext -- "ALS wildernes is wroght �is boke" : formats of monastic books -- Reading spiritual community in the wilderness -- Lyric imaginings and painted prayers -- The eremitic lyric and Richard Rolle -- Imagining the Carthusian reader -- Liturgical pageantry in private spaces -- Reading the liturgy : two models -- Performing the holy name -- Performing the canonical hours -- Performing the seven sacraments -- Envisioning dialogue in performance -- "In maner of a dyaloge it wente" -- Allegorical dialogues : the pylgremage of the soul -- Mystical dialogues : the treatise of the seven points -- Dramatizing the cell : theatrical performances in monastic reading -- Dramatic texts, lyric voices, and private readers -- Theatrical reading in additional 37049 -- Monastic closet drama -- Conclusion: Reading performances. |
| 650 #0 - SUBJECT ADDED ENTRY--TOPICAL TERM | |
| Topical Term | Spiritual life |
| Topical Term | Devotion. |
| 856 40 - ELECTRONIC LOCATION AND ACCESS | |
| Uniform Resource Identifier | http://site.ebrary.com/lib/rucke/Doc?id=10265913 |
No items available.
